000 00549nam a2200217Ia 4500
003 OSt
005 20230317114449.0
008 210423s2008 xx 000 0 und d
020 _a978-0-143-42333-1
040 _cAL
041 _aeng
082 _a823.914
_223
_bPATP
100 _aPATTANAIK (Devdutt)
_976115
245 _aPregnant king: a novel
260 _aHaryana
_bPenguin Books Ltd
_c2008
300 _ax,349
_bPB
365 _b299
_cINR
650 _aEnglish Fiction
_976116
906 _aking: ; novel ; Pregnant
942 _2ddc
_cBK
999 _c168631
_d168631